000 00643nam a2200217 i 4500
001 93283
003 ES-MaACL
005 20230906181149.0
007 t|
008 050510s2004 sp ||||1| spa d
020 _a84-01-37884-2
080 _a929-055.2(100)
100 1 _aObligado, Clara.
_986412
245 1 0 _aMujeres a contracorriente
_b: la otra mitad de la historia /
_cClara Obligado.
250 _a1ª ed.
260 _aBarcelona :
_bPlaza & Janés,
_c2004.
300 _a367 p. :
_bil. ;
_c23 cm.
504 _aBibliografía: p. [363]-367.
650 4 _aMujeres-
_xBiografías.
_915255
852 _aES-MaACL
_jL-29065
_bR.135511
999 _c93283
_d93283